书目信息 |
| 题名: |
绿色催化过程与工艺
|
|
| 作者: | 王延吉 , 赵新强 编著 | |
| 分册: | ||
| 出版信息: | 北京 化学工业出版社 2002.02 |
|
| 页数: | 508页 | |
| 开本: | 20cm | |
| 丛书名: | ||
| 单 册: | ||
| 中图分类: | X78 | |
| 科图分类: | ||
| 主题词: | 化学工业废物--废物处理 , 化学工业废物--废物综合利用 , 化学工业废物 , 化学废物 , 化学废物--废物处理 , 化学废物--废物综合利用 | |
| 电子资源: | ||
| ISBN: | 7-5025-3641-8 | |
| 000 | 00800nam0 2200265 45 | |
| 001 | 0453294625 | |
| 005 | 2004042514481453 | |
| 010 | @a7-5025-3641-8@dCNY 32.00 | |
| 100 | @a20040425d2002 km y0chiy0120 ea | |
| 101 | 0 | @achi |
| 102 | @aCN@b110000 | |
| 200 | 1 | @a绿色催化过程与工艺@ALu Se Cui Hua Guo Cheng Yu Gong Yi@f王延吉,赵新强编著@Fwang yan ji,zhao xin qiang bian zhu |
| 210 | @a北京@c化学工业出版社@d2002.02 | |
| 215 | @a508页@d20cm | |
| 606 | 0 | @a化学工业废物@x废物处理 |
| 606 | 0 | @a化学工业废物@x废物综合利用 |
| 606 | 0 | @a化学工业废物 |
| 606 | 0 | @a化学废物 |
| 606 | 0 | @a化学废物@x废物处理 |
| 606 | 0 | @a化学废物@x废物综合利用 |
| 690 | @aX78@v3 | |
| 701 | 0 | @a王延吉@Awang yan ji@4编著 |
| 701 | 0 | @a赵新强@Azhao xin qiang@4编著 |
| 801 | 0 | @aCN@bPFT@c20040425 |
| 905 | @dX78@eW410 | |
| 绿色催化过程与工艺/王延吉,赵新强编著.-北京:化学工业出版社,2002.02 |
| 508页;20cm |
| ISBN 7-5025-3641-8:CNY 32.00 |
| ● |
| 相关链接 |
|
|
|
正题名:绿色催化过程与工艺
索取号:X78/W410
 
预约/预借
| 序号 | 登录号 | 条形码 | 馆藏地/架位号 | 状态 | 备注 |
| 1 | 390686 | 203906862 | 自科库501/501自科库 110排1列5层/ [索取号:X78/W410] | 在馆 | |
| 2 | 390687 | 203906871 | 自科二线504/504自科库 27排1列1层/ [索取号:X78/W410] | 在馆 | |
| 3 | 390688 | 203906880 | 自科库501/501自科库 110排1列5层/ [索取号:X78/W410] | 在馆 |